Religion Quiz

Random Religion or Book Quiz

Religious Words in Book Titles Quiz Stats

 Plays Quiz Updated Jul 23, 2017

Support Sporcle.
Go Orange.
Score 0/30 Timer 07:00
0 Plays Today
% Correct
Eden
87.8%
Eternity
87%
Angels
83.8%
Divine
79.5%
Love
78.6%
Magi
77.8%
Saint
75%
Prayer
74.6%
Zen
71.9%
Paradise
70.9%
Dove
67.3%
Church
63.6%
Bless
63.6%
Rites
61.8%
Zarathustra
59.5%
% Correct
Peace
59.2%
Bible
57.3%
Cross
55.5%
Vicar
53%
God
52.5%
Bethlehem
52.1%
Archbishop
52%
Spirits
48.8%
Soul
45.2%
Cardinal
42%
Monk
39.7%
Buddha
37.3%
Canticle
34.4%
Temple
28.3%
Dharma
27.1%

You're not logged in!

Compare scores with friends on all Sporcle quizzes.
OR
Log In

From the Vault

10 to 1: Product Brands II

by filmstudy

4 out of 5 dentists approve of this quiz.
Remove Ads.
Support Sporcle.
Get the best of Sporcle when you Go Orange. This ad-free experience offers more features, more stats, and more fun while also helping to support Sporcle. Thank you for becoming a member.

Show Comments

Extras

Top Quizzes Today


Score Distribution

Your Account Isn't Verified!

In order to create a playlist on Sporcle, you need to verify the email address you used during registration. Go to your Sporcle Settings to finish the process.

Report this User

Report this user for behavior that violates our Community Guidelines.

Details: